000 004680000a22001930004500
999 _c47872
_d47872
001 668
003 CO-MdFUSB
005 20180917154850.0
008 180917b xxu||||| |||| 00| 0 eng d
020 _a0 7324 0034 1
040 _cCO-MdBIC
082 0 4 _a813C G82w
100 1 _aGreen, Wendy
245 1 0 _aThe wedding / Wendy Green, il. : Martin Salisbury
260 _aOxford : A Little Lion
300 _a24 p.
650 1 4 _aLiteratura Infantil
942 _cLGB